000 00577nam a22001697a 4500
082 _a355.02
_bMEL
_cL-40, P-62
100 _aMellenthin F W Von
_948661
245 _aPanzer Battles: a study of the employment of armor in the second world war
260 _aRawalpindi
_bArmy education publishing house
_c2002-03
300 _axx, 383 p.
_bill.
526 _a0
_b0
_c0
_d355_020000000000000_MEL
526 _a0
_b0
_c0
_d355_020000000000000_MEL
526 _a0
_b0
_c0
_d355_020000000000000_MEL
526 _a0
_b0
_c0
_d355_020000000000000_MEL
650 _aMCE
_9379
942 _2ddc
_cBK
999 _c551522
_d551522